000 01242nam a2200349La 4500
001 28472
003 BD-RjUL
005 20211209051304.0
008 140330s19701955at b 001 0 eng
020 _a020713426X
020 _a9780207134265
029 0 _aNZ1
_b3082332
029 1 _aAU@
_b000001655897
029 1 _aAU@
_b000041772757
035 _a(BD-RJUL)28553
040 _aNz
_cUW1
_dMYG
_beng
041 _aeng
082 4 _a994.03
_bSEL 1970
090 _aDU115.S45 1977
245 0 0 _aSelect documents in Australian history :
_b1851-1900 /
_cselected and edited by C.M.H. Clark.
260 _aLondon :
_aSydney :
_bAngus & Robertson,
_cC1955 [reprinting1970]
300 _axviii, 866 p. ;
_c22 cm.
500 _aAustralia, 1851-1900. Historical sources (ANB/PRECIS SIN 0301531)
500 _aCover subtitle: vol. 2.
500 _aFirst published, Sydney: Angus & Robertson, 1955.
504 _aIncludes bibliographical references and index.
651 0 _aAustralia
_xHistory
_y1788-1900.
_987192
651 0 _aAustralia
_xHistory
_y1851-1901
_vSources.
_987193
700 1 _aClark, C. M. H.
_q(Charles Manning Hope),
_d1915-1991.
_986856
942 _2ddc
_cBK
949 0 _3g
_ax
_bLSA
_cOCC
_o0
_p39080034111168
_x15
_hDU115.S45 1977
999 _c28472
_d28472